000 00365nam a2200145Ia 4500
008 230917s9999||||xx |||||||||||||| ||und||
040 _e67596
_aMAIN
041 _aEnglish
082 _a330.954 S58E
100 _aSankaran, S
245 0 _aEconomic development of India
260 _aBombay
_bProgressive Corporation
_c1972
300 _axv, 520 p.
942 _cBK
999 _c121435
_d121435